000 00661nam a2200181 i 4500
001 81138
003 ES-MaACL
005 20230906174357.0
007 t|
008 041103s1939 it ||||1| spa d
100 1 _aHoyos Sáinz, Luis de,
_d1868-1951
_964437
245 1 0 _aFicha antropológica para investigación de herencia
_b: (a la memoria del G. Sergi) /
_cLuis de Hoyos Sáinz.
260 _aMilano :
_b[s.n.,
_c1939] (
_fStucchi)
300 _a3 h. ;
_c25 cm.
500 _aEs separata de: Atti e commiuciazioni dell IV Congresso de Patologia comparate. Vol. II, pag. 321-26.
852 _aES-MaACL
_j1833-F-29
_bR.19957
999 _c81138
_d81138